| 000 | 00000nas 2200000za 4500 |
| 001 | 9.506728 |
| 003 | CaOODSP |
| 005 | 20231011105508 |
| 007 | cr ||||||||||| |
| 008 | 150406d20012008xxc|| p o||||f| |0eng|d |
| 022 | |a1702-9066 |
| 040 | |aCaOODSP|beng |
| 043 | |an-cn--- |
| 086 | 1 |aIu71-1/3E-PDF |
| 245 | 02|aA guide to industrial designs. |
| 246 | 1 |aGuide to industrial designs |
| 264 | 1|aHull, Quebec : |bIndustry Canada |
| 310 | |aIrregular |
| 362 | 1 |aBegan with [2001?]; ceased with [2008]. |
| 690 | 07|aIndustrial design|2gcpds |
| 710 | 2 |aCanadian Intellectual Property Office, |eissuing body. |
| 775 | 08|tLe guide des dessins industriels.|w(CaOODSP)9.503122 |